000
00294 a2200109 4500
001
38244
082
_a
523.1
_b
HAW 1989
100
_a
Hawking, Stephen W.
_9
118308
245
_a
A brief history of time
_c
Stephen W. Hawking
260
_a
London
_b
Int Bestseller
_c
1989
942
_a
NUST-CAE
_c
BK
_c
BK
_2
ddc
999
_c
603283
_d
603283